000 00853cam a2200289 4500
001 862729
003 NUST - PNEC
005 20170116181101.0
008 710507s1969 pk b 001 0 eng
010 _a 78931905
040 _aDLC
_cLIBRARY
_dDLC
043 _aa-ii---
050 0 0 _aDS448
_b.Q7 1969
082 _a954.9 QUR
100 1 _aQureshi, Ishtiaq Husain.
245 1 4 _aThe struggle for Pakistan.
250 _a[2d ed.
260 _aKarachi]
_bUniversity of Karachi,
_c1969.
300 _a389 p.
_c23 cm.
350 _aRs22.00
_a($9.00 U.S.)
490 0 _aPublications of the University of Karachi
504 _aBibliography: p. [342]-350.
650 _aPakistan movement
_912390
_xGeneral book
651 0 _aIndia
_xPolitics and government
_y1919-1947.
906 _a7
_bcbc
_corignew
_d4
_encip
_f19
_gy-gencatlg
942 _2ddc
_cBK
999 _c68765
_d68765